| 000 | 01256cac a22003491u 4500 | ||
|---|---|---|---|
| 003 | EG-ScBUE | ||
| 005 | 20220418121453.0 | ||
| 008 | 081221s2006 ua f b 000 1 eng d | ||
| 020 | _a9789774160318 | ||
| 020 | _a9774160312 | ||
| 035 | _a(OCoLC)ocm53122390 | ||
| 040 |
_aEG-ScBUE _beng _erda _cEG-ScBUE _dEG-ScBUE |
||
| 041 | 1 |
_aeng _hara |
|
| 082 | 0 | 4 |
_a892.736 _bMAH _222 |
| 100 | 1 |
_aMaḥfūẓ, Najīb, _d1911-2006, _eauthor. |
|
| 245 | 1 | 0 |
_aThebes at war / _cNaguib Mahfouz ; translated by Humphrey Davies. |
| 264 | 1 |
_aCairo ; _aNew York : _bThe American University in Cairo Press, _c2006. |
|
| 300 |
_ax, 211 pages ; _c24 cm. |
||
| 336 |
_2rdacontent _aنص _btxt |
||
| 337 |
_2rdamedia _aبدون وسيط _bn |
||
| 338 |
_2rdacarrier _aمجلد _bnc |
||
| 490 | _aModern Arabic literature | ||
| 504 | _aIncludes bibliographical references. | ||
| 546 | _aText in English ; translated from the original Arabic. | ||
| 650 | _2BUEsh | ||
| 651 | 7 |
_aThebes (Egypt : Extinct city) _vFiction. _2BUEsh |
|
| 651 | 7 |
_aEgypt _xHistory _yTo 332 B.C. _vFiction. _2BUEsh |
|
| 653 |
_bHHUUEENN _cApril2022 |
||
| 655 | 7 |
_aHistorical fiction. _vReading book |
|
| 700 | 1 |
_aDavies, Humphrey T. _q(Humphrey Taman) _etranslator. |
|
| 942 |
_cBB _2ddc |
||
| 999 |
_c2674 _d2674 |
||